Países que participaron en el Mundial de Fútbol (Copa del Mundo) - Estadísticas

Estadísticas generales
  • Esta prueba ha sido intentada 111 veces
    97 desde el último reinicio
  • La puntuación promedio es 68 de 85
Estadísticas de respuestas
Confederación Selección % Correcto
UEFA España
96%
UEFA Francia
96%
UEFA Alemania
94%
CONMEBOL Argentina
94%
CONMEBOL Brasil
94%
CONCACAF Estados Unidos
94%
UEFA Italia
94%
CONMEBOL Uruguay
94%
CONMEBOL Chile
92%
CONMEBOL Paraguay
92%
UEFA Suecia
92%
CONMEBOL Colombia
91%
UEFA Inglaterra
91%
CONCACAF México
91%
UEFA Portugal
91%
CONMEBOL Bolivia
90%
UEFA Irlanda
90%
CAF Marruecos
90%
UEFA Noruega
88%
UEFA Rusia
88%
CONCACAF Canadá
87%
CONCACAF Costa Rica
87%
UEFA Hungría
87%
UEFA Países Bajos
87%
CONMEBOL Perú
87%
UEFA Serbia
87%
AFC Australia
86%
AFC Corea del Sur
86%
UEFA Dinamarca
86%
AFC Japón
86%
OFC Nueva Zelanda
86%
CONCACAF Panamá
86%
UEFA Suiza
86%
AFC Corea del Norte
84%
UEFA Croacia
84%
CONMEBOL Ecuador
84%
UEFA Escocia
84%
UEFA Grecia
84%
UEFA Islandia
84%
CAF Egipto
83%
CAF Argelia
82%
UEFA Gales
82%
CAF Nigeria
82%
UEFA Austria
81%
UEFA Bélgica
81%
AFC China
81%
UEFA Polonia
81%
CAF Sudáfrica
81%
UEFA Turquía
81%
CONCACAF Honduras
79%
CONCACAF El Salvador
78%
CAF Ghana
78%
UEFA Ucrania
78%
AFC Arabia Saudí
77%
AFC Catar
77%
UEFA Eslovaquia
77%
AFC Irán
77%
AFC Israel
77%
UEFA Rumanía
77%
CAF Senegal
77%
UEFA Unión Soviética
77%
CAF Zaire
77%
UEFA Bulgaria
75%
CONCACAF Cuba
75%
UEFA Eslovenia
75%
CONCACAF Jamaica
75%
UEFA República Checa
75%
UEFA Bosnia & Herzegovina
74%
UEFA Yugoslavia
74%
CAF Camerún
73%
AFC Irak
71%
UEFA Alemania Oriental
70%
UEFA Irlanda del Norte
70%
CONCACAF Haití
69%
CAF Túnez
69%
UEFA Checoslovaquia
68%
CAF Costa de Marfil
66%
UEFA Alemania Occidental
64%
AFC Emiratos Árabes Unidos
60%
CONCACAF Trinidad y Tobago
57%
AFC Indias Orientales Neerlandesas
56%
CAF Angola
49%
CAF Togo
49%
UEFA Serbia y Montenegro
44%
AFC Kuwait
40%
No se encontraron pruebas coincidentes
Distribución de puntuación
Porcentaje de gente con cada puntuación
Porcentaje por número respondido
Historial de tus puntuaciones
No has intentado esta prueba desde el último reinicio